| 000 | 00408cam a2200157ua 4500 | ||
|---|---|---|---|
| 003 | OSt | ||
| 008 | 240222b |||||||| |||| 00| 0 eng d | ||
| 020 | _a81 85031 50 9 | ||
| 041 | _aeng | ||
| 082 |
_a634.61 _bMAN/CO |
||
| 100 |
_aMandal, R C . _9922 |
||
| 245 | _aCoconut production and protection technology / | ||
| 260 |
_a : _bAgro botanical publishers , _c1991. |
||
| 300 | _a166 ; . | ||
| 942 | _cBK | ||
| 999 |
_c10993 _d10993 |
||